An institutional and transaction cost analysis for the efficiency of water service in Brazilian local government consortia (Record no. 529666)

000 -LEADER
fixed length control field 01677nam a22001457a 4500
008 - FIXED-LENGTH DATA ELEMENTS--GENERAL INFORMATION
fixed length control field 250505b ||||| |||| 00| 0 eng d
100 ## - MAIN ENTRY--PERSONAL NAME
Personal name Silvestre, Hugo Consciencia, et al
245 ## - TITLE STATEMENT
Title An institutional and transaction cost analysis for the efficiency of water service in Brazilian local government consortia
260 ## - PUBLICATION, DISTRIBUTION, ETC. (IMPRINT)
Place of publication, distribution, etc Local Government Studies
300 ## - PHYSICAL DESCRIPTION
Extent 50(3), Jun, 2024: p.475-497
520 ## - SUMMARY, ETC.
Summary, etc In this paper, we seek to break new ground by empirically investigating the relationship between cooperating entities, local government institutions and transaction costs and its effect on cost efficiency for water services through consortia in Brazilian local government. Drawing on an institutional and transaction cost framework, our results show that the institutional arrangements employed in water service provision have had a significant effect on cost efficiency, measured by total expenditure per user, between 2011 to 2019. Through a Generalized Estimating Equations (GEE), we found that cost efficiency increases slowly for those units performing under bureaucracies and faster under public enterprises. In all instances, dedicated asset specificities and contract management complexity explained differences in water service provision cost efficiency. These findings have theoretical significance as well as significant public policy implications for intermunicipal cooperative agreements.- Reproduced

https://www.tandfonline.com/doi/full/10.1080/03003930.2023.2234302
650 ## - SUBJECT ADDED ENTRY--TOPICAL TERM
Topical term or geographic name as entry element Brazil, Consortia, Institutions, Transaction cost economics, Cost efficiency, Water services.
9 (RLIN) 52581
773 ## - HOST ITEM ENTRY
Main entry heading Local Government Studies
942 ## - ADDED ENTRY ELEMENTS (KOHA)
Item type Articles
Holdings
Withdrawn status Lost status Source of classification or shelving scheme Damaged status Not for loan Permanent location Current location Date acquired Serial Enumeration / chronology Barcode Date last seen Koha item type
          Indian Institute of Public Administration Indian Institute of Public Administration 2025-05-05 50(3), Jun, 2024: p.475-497 AR135568 2025-05-05 Articles

Powered by Koha